[Event "Donner mem op"]
[Site "Amsterdam"]
[Date "1994.??.??"]
[Round "4"]
[White "Hodgson, Julian M"]
[Black "Van der Wiel, John TH"]
[Result "1-0"]
[WhiteElo "2580"]
[BlackElo "2555"]
[Annotator "Game 2-Trompowsky-p 16"]
[PlyCount "43"]
[EventDate "1994.08.??"]
[EventType "swiss"]
[EventRounds "9"]
[EventCountry "NED"]
[Source "ChessBase"]
[SourceDate "2002.11.25"]

1. d4 Nf6 2. Bg5 c5 3. Bxf6 gxf6 4. d5 Qb6 5. Qc1 Bh6 6. e3 f5 7. c4 f4 8. exf4
Bxf4 9. Qxf4 Qxb2 10. Ne2 Qxa1 11. Nec3 Qb2 12. d6 Nc6 13. Bd3 exd6 14. O-O Ne5
15. Qf6 O-O 16. Nd5 Re8 17. Qg5+ Ng6 18. Nf6+ Kf8 19. Qh6+ Ke7 20. Nd5+ Kd8 21.
Bxg6 hxg6 22. Nbc3 1-0

[Event "ch-RUS Superfinal"]
[Site "Moscow RUS"]
[Date "2005.12.22"]
[Round "4"]
[White "Bareev, E."]
[Black "Volkov, S1."]
[Result "1-0"]
[WhiteElo "2675"]
[BlackElo "2614"]
[Annotator "Game 8-English, reversed Sicilian-p 49"]
[PlyCount "69"]
[EventDate "2005.12.19"]
[EventType "tourn"]
[EventRounds "11"]
[EventCountry "RUS"]
[EventCategory "17"]
[Source "Mark Crowther"]
[SourceDate "2005.12.26"]

1. c4 (1. e4 e5 2. Nf3 Nc6 3. Bb5 Nd4 4. Nxd4 exd4 5. O-O g6 6. d3 Bg7 7. f4 c6
8. Bc4 d5 9. exd5 cxd5 10. Bb5+ Kf8 11. Nd2 Qa5 12. a4 a6 13. Nb3 Qd8 14. Bd2
axb5 15. axb5 Rxa1 16. Bb4+ Ne7 17. Qxa1 Bf6 18. Qa7 b6 19. Re1 Be6 20. Kh1 h5
21. Bxe7+ Qxe7 22. Qxb6 Qb4 23. Qc5+ Qxc5 24. Nxc5 Bd8 25. Nxe6+ fxe6 26. Rxe6
Kf7 27. Rd6 Be7 28. Rxd5 Rc8 29. c4 dxc3 30. bxc3 Rxc3 31. Kg1 Ke6 32. Re5+ Kd6
33. Re3 Rb3 34. Kf1 Rb4 35. Re4 Rb2 36. Re3 h4 37. Re4 Bf6 38. b6 Kd5 39. Re8
Rxb6 40. Kf2 Rb3 41. Rg8 Rxd3 42. Rxg6 Ke6 43. g4 hxg3+ 44. hxg3 Kf5 45. Rg8 {
1/2-1/2 Alekhine,A-Blackburne,J/St Petersburg 1914/HCL}) 1... Nf6 2. Nc3 e5 3.
Nf3 Nc6 4. g3 Nd4 5. Bg2 Nxf3+ 6. Bxf3 Bc5 7. O-O O-O 8. e3 d6 9. d4 Bb4 10.
Nd5 Nxd5 11. cxd5 Bh3 12. Qa4 Bxf1 13. Kxf1 a5 14. a3 Re8 15. Qd1 e4 16. Be2 c6
17. axb4 axb4 18. Bd2 Qb6 19. Rc1 c5 20. Qb3 Ra5 21. Kg2 g6 22. h4 h5 23. Rd1
Rd8 24. Qc2 f5 25. dxc5 dxc5 26. f3 exf3+ 27. Bxf3 Qf6 28. e4 fxe4 29. Bxe4 Ra2
30. Bc1 Rf8 31. d6 Kh7 32. Qxc5 Ra5 33. Qxa5 Qf2+ 34. Kh3 Qe2 35. Bxg6+ 1-0

[Event "Hastings Challengers"]
[Site "Hastings"]
[Date "1999.01.07"]
[Round "10"]
[White "Kiriakov, Petr"]
[Black "Ledger, David"]
[Result "1-0"]
[WhiteElo "2545"]
[BlackElo "2220"]
[Annotator "Game 21-King's Indian-p 126"]
[PlyCount "95"]
[EventDate "1998.12.??"]
[EventType "swiss"]
[EventRounds "10"]
[EventCountry "ENG"]
[Source "ChessBase"]
[SourceDate "1999.11.16"]
[WhiteTeamCountry "ISR"]
[BlackTeamCountry "ISR"]

1. d4 Nf6 2. c4 g6 3. Nc3 Bg7 4. e4 d6 5. Nf3 O-O 6. Be2 e5 7. O-O Nh5 8. g3
Bh3 9. Re1 exd4 10. Nxd4 Nf6 11. Bg5 h6 12. Be3 Re8 13. f3 Nc6 14. Qd2 Kh7 15.
Kh1 Ne5 16. Rg1 c6 17. g4 h5 18. g5 Ng8 19. Rad1 f6 20. Qe1 fxg5 21. Bxg5 Bf6
22. Bxf6 Qxf6 23. Qg3 Bd7 24. f4 Nf7 25. c5 dxc5 26. e5 h4 27. Qg2 Qg7 28. Nf3
h3 29. Qf2 Bf5 30. Bc4 Ngh6 31. Qh4 Kg8 32. a4 Kf8 33. Qf2 b6 34. Nh4 Rad8 35.
Nxf5 Nxf5 36. Ne4 Rd4 37. Rxd4 cxd4 38. Nf6 Rd8 39. Bd3 N7h6 40. Qf3 c5 41. b3
Nh4 42. Qxh3 N6f5 43. Rg4 Qf7 44. Rxh4 Nxh4 45. Qxh4 Qxb3 46. Nh7+ Kg7 47. Qf6+
Kh6 48. Qxg6# 1-0

[Event "Asia-ch 5th"]
[Site "Hyderabad"]
[Date "2005.10.13"]
[Round "7"]
[White "Annageldyev, Orazly"]
[Black "Koneru, Humpy"]
[Result "0-1"]
[WhiteElo "2469"]
[BlackElo "2540"]
[Annotator "Game 28-Sicilian, Kan-p 178"]
[PlyCount "68"]
[EventDate "2005.10.05"]
[EventType "swiss"]
[EventRounds "9"]
[EventCountry "IND"]
[Source "ChessBase"]
[SourceDate "2005.11.15"]
[WhiteTeamCountry "GER"]
[BlackTeamCountry "GER"]

1. e4 c5 2. Nf3 e6 3. d4 cxd4 4. Nxd4 a6 5. c4 Nf6 6. Nc3 Qc7 7. a3 Be7 8. Be3
b6 9. Rc1 Bb7 10. f3 O-O 11. Be2 d6 12. O-O Nbd7 13. Qd2 Rac8 14. b4 Qb8 15.
Kh1 h5 16. Bg5 Rfe8 17. Qe3 d5 18. cxd5 exd5 19. Nf5 Bf8 20. Bf4 Qa8 21. e5 h4
22. Nxh4 Nh5 23. Nf5 Nxf4 24. Qxf4 Nxe5 25. Na4 Ng6 26. Qd2 Rxc1 27. Rxc1 Qd8
28. Bf1 Qd7 29. Nxg7 Bxg7 30. Nxb6 Qd6 31. Nc4 Qf8 32. Na5 Bh6 33. Qd1 Bxc1 34.
Nxb7 Bxa3 0-1

[Event "WCC Places 11-12"]
[Site "Khanty Mansyisk RUS"]
[Date "2005.12.15"]
[Round "7.1"]
[White "Malakhov, V."]
[Black "Vallejo Pons, F."]
[Result "1-0"]
[WhiteElo "2670"]
[BlackElo "2674"]
[Annotator "Game 32-Sicilian, Najdorf-p 217"]
[PlyCount "99"]
[EventDate "2005.11.27"]
[EventType "k.o."]
[EventRounds "7"]
[EventCountry "RUS"]
[SourceDate "2006.08.16"]
[WhiteTeamCountry "GER"]
[BlackTeamCountry "GER"]

1. e4 c5 2. Nf3 d6 3. d4 cxd4 4. Nxd4 Nf6 5. Nc3 a6 6. g3 e5 7. Nb3 Be7 8. Bg2
Nbd7 9. a4 b6 10. O-O Qc7 11. Re1 O-O 12. Nd2 Bb7 13. Nf1 Nc5 14. Bg5 Ne6 15.
Bxf6 Bxf6 16. Ne3 Qc5 17. Ncd5 Bd8 18. c3 g6 19. Qb3 Rb8 20. Red1 Kh8 21. Qa3
Qc6 22. h4 Nc5 23. Nc4 Qxa4 24. b4 Qxa3 25. Rxa3 Na4 26. Nxd6 Bc6 27. c4 b5 28.
c5 a5 29. Rc1 Kg7 30. Rb3 axb4 31. Nxb4 Bd7 32. c6 Rb6 33. Rd3 Be6 34. Nd5 Nb2
35. Rb3 Be7 36. Nxb6 Bxb3 37. Nxb5 Be6 38. c7 Nd3 39. Rc3 Bc5 40. Nd5 Bxf2+ 41.
Kf1 Bd7 42. Nd6 Bc5 43. Nb7 Bd4 44. Rxd3 Bb5 45. Ke2 Ra8 46. Nd6 Ra2+ 47. Ke1
Bxd3 48. c8=Q Ra1+ 49. Kd2 Ba6 50. Qd8 1-0